| 000 | 00563nam a2200145Ia 4500 | ||
|---|---|---|---|
| 008 | 100204s9999 xx 000 0 und d | ||
| 082 | _b25123 | ||
| 100 | _aदेशपांडे परशुराम | ||
| 245 | _aबेतवेतील प्रतिबिंबे | ||
| 260 |
_b"कॉन्टीनेंटल बुक सर्व्हिस, पुणे" _c2000 |
||
| 300 | _a404 | ||
| 630 | _aबेतवेतील प्रतिबिंबे | ||
| 730 | _aबेतवेतील प्रतिबिंबे | ||
| 942 | _cBOOK | ||
| 999 |
_c470304 _d470301 |
||